Fifa 17 Player Overall 85+ - Statistiken

Allgemein
  • Dieses Quiz wurde 101 mal gespielt
  • Das Durchschnittsergebnis liegt bei 70 aus 85
Antwortstatistiken
Overall Verein Position Nationalität Alter Antwort % Korrekt
94 Real Madrid LW Portugal 31 Cristiano Ronaldo
100%
89 FC Chelsea LW Belgien 25 Eden Hazard
100%
90 Real Madrid RW Wales 26 Gareth Bale
100%
89 FC Bayern München CB Deutschland 27 Jerome Boateng
100%
93 FC Barcelona RW Argentinien 29 Lionel Messi
100%
92 FC Barcelona ST Uruguay 29 Luis Suarez
100%
89 Real Madrid CM Kroatien 30 Luka Modric
100%
92 FC Bayern München GK Deutschland 30 Manuel Neuer
100%
92 FC Barcelona LW Brasilien 24 Neymar
100%
90 FC Bayern München ST Polen 27 Robert Lewandowski
100%
90 Manchester United ST Schweden 34 Zlatan Ibrahimovic
100%
90 Manchester United GK Spanien 25 David de Gea
99%
88 Manchester City CAM Belgien 25 Kevin de Bruyne
99%
89 FC Arsenal CAM Deutschland 27 Mesut Özil
99%
89 Manchester City ST Argentinien 28 Sergio Agüero
98%
89 Real Madrid CB Spanien 30 Sergio Ramos
98%
87 Manchester City CAM Spanien 30 David Silva
96%
88 Borussia Dortmund LM Deutschland 27 Marco Reus
96%
89 Paris Saint-Germain CB Brasilien 31 Thiago Silva
96%
87 FC Bayern München RM Niederlande 32 Arjen Robben
95%
88 FC Bayern München CB Deutschland 27 Mats Hummels
95%
88 Atletico Madrid ST Frankreich 25 Antoine Griezmann
94%
86 FC Bayern München LB Österreich 24 David Alaba
94%
87 FC Bayern München CM Chile 29 Arturo Vidal
93%
88 Juventus Turin GK Italien 38 Gianluigi Buffon
93%
88 Juventus Turin CB Italien 31 Giorgio Chiellini
93%
88 Tottenham Hotspur GK Frankreich 29 Hugo Lloris
93%
87 Real Madrid CAM Kolumbien 24 James Rodriguez
93%
88 Real Madrid CB Portugal 33 Pepe
93%
87 Borussia Dortmund ST Gabun 27 Pierre-Emerick Aubameyang
93%
89 FC Chelsea GK Belgien 24 Thibaut Courtois
93%
88 Real Madrid ZM Deutschland 26 Toni Kroos
93%
88 FC Barcelona CM Spanien 32 Andres Iniesta
92%
87 FC Barcelona CB Spanien 29 Gerard Pique
92%
87 FC Barcelona CM Kroatien 28 Ivan Rakitic
92%
87 Atletico Madrid GK Slowenien 23 Jan Oblak
92%
88 Manchester United CM Frankreich 23 Paul Pogba
92%
86 FC Bayern München LM Frankreich 33 Franck Ribery
90%
86 Real Madrid ST Frankreich 28 Karim Benzema
89%
86 FC Bayern München CF Deutschland 26 Thomas Müller
89%
89 Juventus Turin ST Argentinien 28 Gonzalo Higuain
88%
86 FC Barcelona LB Spanien 27 Jordi Alba
88%
87 Juventus Turin CB Italien 29 Leonardo Bonucci
88%
88 FC Arsenal GK Tschechien 34 Petr Cech
88%
86 FC Bayern München CM Spanien 25 Thiago
88%
88 FC Arsenal ST Chile 27 Alexis Sanchez
87%
86 FC Barcelona CDM Spanien 27 Sergio Busquets
87%
86 Paris Saint-Germain RW Argentinien 28 Angel di Maria
86%
86 Paris Saint-Germain ST Uruguay 29 Edinson Cavani
86%
86 Paris Saint-Germain CM Italien 23 Marco Verratti
86%
86 Tottenham Hotspur CAM Dänemark 24 Christian Eriksen
84%
86 Juventus Turin ST Argentinien 22 Paulo Dybala
84%
88 Atletico Madrid CB Uruguay 30 Diego Godin
83%
85 FC Everton ST Belgien 23 Romelu Lukaku
83%
85 Manchester City CM Deutschland 25 Ilkay Gündogan
82%
86 Manchester City CB Belgien 30 Vincent Kompany
82%
86 Bayer 04 Leverkusen GK Deutschland 24 Bernd Leno
81%
85 Tottenham Hotspur ST England 22 Harry Kane
81%
86 Real Madrid LB Brasilien 28 Marcelo
81%
85 FC Bayern München CB Spanien 27 Javi Martinez
76%
85 Real Madrid GK Costa Rica 29 Keylor Navas
76%
87 Inter Mailand GK Slowenien 31 Samir Handanovic
75%
86 SSC Neapel CM Slowakei 28 Marek Hamsik
72%
86 FC Liverpool LW Brasilien 24 Philippe Coutinho
67%
86 Manchester United RM Armenien 27 Henrikh Mkhitaryan
66%
85 Borussia Dortmund CB Griechenland 28 Sokratis
66%
86 FC Chelsea CM Spanien 29 Cesc Fabregas
65%
85 SSC Neapel LW Belgien 29 Dries Mertens
65%
85 Olympique Lyon ST Frankreich 25 Alexandre Lacazette
64%
86 FC Chelsea ST Spanien 27 Diego Costa
64%
85 Juventus Turin CM Bosnien & Herzegowina 26 Miralem Pjanic
64%
86 AS Roma CM Belgien 28 Radja Nainggolan
64%
85 Tottenham Hotspur CB Belgien 27 Toby Alderweireld
60%
85 Atletico Madrid LB Brasilien 30 Filipe Luis
58%
85 Manchester United CAM Spanien 28 Juan Mata
58%
85 FC Chelsea RM Brasilien 27 Willian
58%
86 Juventus Turin CB Italien 35 Andrea Barzagli
57%
85 Real Madrid CM Spanien 24 Isco
54%
86 Juventus Turin CM Italien 30 Claudio Marchisio
52%
85 Paris Saint-Germain CDM Frankreich 29 Blaise Matuidi
49%
85 Olympique Marseille LM Frankreich 29 Dimitri Payet
45%
85 FC Arsenal CB Frankreich 30 Laurent Koscielny
45%
86 Inter Mailand CB Brasilien 31 Joao Miranda
39%
85 FC Arsenal CAM Spanien 31 Santi Cazorla
39%
85 AS Saint-Etienne GK Frankreich 29 Stephane Ruffier
34%
Keine übereinstimmenden Quizze gefunden
Verteilung der Resultate
Anzahl Personen mit jedem Resultat
Perzentil nach korrekt beantworteten Fragen
Ihre Resultats-Entwicklung
Sie haben dieses Quiz noch nicht gespielt